000 00474nam a2200181Ia 4500
005 20250326125035.0
008 250326s9999 xx 000 0 und d
037 _aTextbook
040 _aFMSL
_beng
_cFMSL
041 _aeng
_2eng
084 _aX:8E L71
_qFMSL
100 _aWilkes F M
245 0 _aCapital budgeting techniques
_cWilkes F M
260 _aNY
_bNY, John Wiley
_c1977
300 _a424p
942 _cTB
_hX:8E L71
999 _c1276282
_d1276282